000 01578nas a2200277Ia 4500
001 R530-R8189
003 IT-CnALBA
008 170116c99999999xx |||||||||||| ||und||
040 _aIT-CnALBA
_cIT-CnALBA
041 _aITALIANO
100 _aGOZZINI A.
210 _aGIORNALE DI FISICA DELLA SOCIETÀ ITALIANA DI FISICA
222 _aGIORNALE DI FISICA DELLA SOCIETÀ ITALIANA DI FISICA
245 0 _aGIORNALE DI FISICA DELLA SOCIETÀ ITALIANA DI FISICA. OTTOBRE DICEMBRE 1967.
250 _a1a ed.
260 _aBOLOGNA
_bCOMPOSITORI EDITRICE
_c1967 [1° Ed.:1967 - Ed.Ling.Originale: 1967]
300 _a80 p.
310 _aTRIMESTRALE
362 _aFascicolo: 4 / Anno: 8 (1967)
500 _aARDAU A. GALLINARO G. MONARI L. FARADAY M. BUSSETTI G. INDICE VOL. VIII. IL POMPAGGIO OTTICO. GRANDEZZE TERMODINAMICHE GAS E RUOLO NEGLI EQUILIBRI DI INTERESSE ASTROFISICO. STUDIO DELLE FIGURE DI LASSAJOUS. MISURA CALORI SPECIFICI, APPARECCHIO. CORSO "PHISICAL SCOENZE STUDY". EDUCAZIONE DELLA MENTE. DENOMINAZIONE DI MOTO PER INERZIA.
501 _aSocietà San Paolo EM - Piazza San Paolo, 14 - 12051 ALBA (CN) (non commercial uses only) ® Copyright 2017
520 _aARDAU A. GALLINARO G. MONARI L. FARADAY M. BUSSETTI G. INDICE VOL. VIII. IL POMPAGGIO OTTICO. GRANDEZZE TERMODINAMICHE GAS E RUOLO NEGLI EQUILIBRI DI INTERESSE ASTROFISICO. STUDIO DELLE FIGURE DI LASSAJOUS. MISURA CALORI SPECIFICI, APPARECCHIO. CORSO "PHISICAL SCOENZE STUDY". EDUCAZIONE DELLA MENTE. DENOMINAZIONE DI MOTO PER INERZIA.
650 _aFISICA
942 _cCR
957 _71
999 _a59756
_bNO
_g1
_c326783
_d326783